Vplyv kryptopleurínu na expresiu a aktivitu vybraných génov a proteínov u leukemickej bunkovej línie L1210
Saved in:
| Main Author: | |
|---|---|
| Other Authors: | |
| Format: | Manuscript Book |
| Language: | Slovak |
| Published: |
2024
|
| Subjects: | |
| Online Access: | http://is.stuba.sk/zp/portal_zp.pl?podrobnosti=168850 |
| Tags: |
No Tags, Be the first to tag this record!
|
MARC
| LEADER | 00000ntm a22000003a 4500 | ||
|---|---|---|---|
| 001 | stuzp99449 | ||
| 003 | SK-STU | ||
| 005 | 20240622211002.8 | ||
| 007 | ta | ||
| 008 | 150427s2015----xo-----f-mn---000-0-slo-d | ||
| 040 | |a STU |b slo | ||
| 041 | 0 | |a slo | |
| 100 | 1 | |a Krajči, Martin |u 043000 |4 aut |U FCHPT Fakulta chemickej a potravinárskej technológie |T FCHPT Ústav biochémie a mikrobiológie |X 116106 |U C3000 |Y 101 |7 116106 | |
| 242 | 0 | 1 | |a Effect of cryptopleurin on the expression and activity of selected genes and proteins in the leukemia cell line L1210 |y eng |
| 245 | 1 | 0 | |a Vplyv kryptopleurínu na expresiu a aktivitu vybraných génov a proteínov u leukemickej bunkovej línie L1210 |
| 260 | |c 2024 | ||
| 650 | 4 | |a leukémia |2 slo | |
| 650 | 4 | |a kryptopleurín |2 slo | |
| 650 | 4 | |a bunková smrť |2 slo | |
| 650 | 4 | |a apoptóza |2 slo | |
| 650 | 4 | |a kaspázy |2 slo | |
| 650 | 4 | |a P-glykoproteín |2 slo | |
| 650 | 4 | |a leukemia |2 eng | |
| 650 | 4 | |a cryptopleurin |2 eng | |
| 650 | 4 | |a cell death |2 eng | |
| 650 | 4 | |a apoptosis |2 eng | |
| 650 | 4 | |a caspases |2 eng | |
| 650 | 4 | |a P-glycoprotein |2 eng | |
| 700 | 1 | |a Špaldová, Jana |u 043000 |k Z2 |4 ths |U FCHPT Fakulta chemickej a potravinárskej technológie |T FCHPT Ústav biochémie a mikrobiológie |X 65304 |U C3000 |Y 101 |7 65304 | |
| 856 | 4 | |u http://is.stuba.sk/zp/portal_zp.pl?podrobnosti=168850 | |